000 00620nam a2200241 i 4500
001 C2-0262140
003 PPAK
005 20180727231357.0
008 050119s2004 my |||| ||||| | may d
020 _a9838935786
040 _aPPAK
_beng
_cPPAK
_erda
082 0 4 _a899.233
_223
090 0 0 _a899.233
_bABD
_dG
100 0 _aAbdul Rahim Awang,
_eauthor
245 1 0 _aEgo
264 1 _aKuala Lumpur :
_bCreative Enterprise ,
_c2004
300 _a467 pages ;
_c19 cm
336 _2rdacontent
_atext
337 _2rdamedia
_aunmediated
338 _2rdacarrier
_avolume
650 1 0 _aMalay fiction
942 _ddc
_cB
999 _c72654
_d72654